Statistics for Dwayne "The Rock" Johnson Trivia

Click here to take the quiz!

General Stats

  • This quiz has been taken 40 times
  • The average score is 14 of 24

Answer Stats

Hint Answer % Correct
What year did The Rock last win the WWE Championship?2013
86%
Complete the catchphrase: "Do you _____ ____ ___ ____ __ _______!"smell what The Rock is cookin'
82%
How many times has The Rock won the WWF/WWE Championship?8
82%
The People's Elbow
77%
Name The Rock's finishing moves?Rock Bottom
77%
What was he called when he first debuted in the WWF?Rocky Maivia
73%
What year did The Rock win the Royal Rumble?2000
68%
Whose rivalry with The Rock spanned three years from Wrestlemania 27 through 29?John Cena
68%
Who has The Rock faced at Wrestlemania three times?Stone Cold Steve Austin
68%
Dwayne Johnson went to college on a scholarship for what sport?Football
68%
Who did The Rock face in a dream match at Wrestlemania X8?Hulk Hogan
64%
Who hit Steve Austin with a car, allegedly to help The Rock?Rikishi
59%
What college did he play for?University of Miami
59%
Who has The Rock won tag team championships with?Mankind
59%
The Rock's first major Hollywood role came as what character?The Scorpion King
55%
What group did he join in 1997, turning heel in the process?Nation of Domination
55%
What former professional wrestler is also The Rock's grandfather?High Chief Peter Maivia
50%
What former professional wrestler is also The Rock's father?Rocky Johnson
45%
What hostile phrase did crowds chant at him during this time?Die Rocky Die!
41%
One of WWE's highest ever TV ratings came from what segment featuring The Rock and Mankind?The Rock: This is Your Life!
41%
What did Mankind use to pin The Rock during an Empty Arena match?a forklift
36%
Undertaker
36%
The Rock's first TV acting job was playing his father on what TV show?That 70's Show
32%
Chris Jericho
32%

Score Distribution

Percentile by Number Answered

Percent of People with Each Score

Your Score History

You have not taken this quiz